000 00960cam a22001934a 4500
005 20250605164400.0
008 250528s ||||||||||||||||||||||||d
035 _a24530
040 _aGR-AtMCL
_bgre
_dGR-AtMCL
_eAACR2
245 1 _aΗ UM 'Σπάει' τον Κώδικα των Social Media
260 _c2013
300 _a34
520 _aΗ Κρίση Χαμένη Ευκαιρία για Αλλαγές - Η Μήπως Όχι, Προτεραιότητα μας η Ποιότητα και Όχι ο Πόλεμος Τιμών, CSR is Dead: Long Live CSR, Η Luxury Βιομηχανία 'Απαντά' στην Οικονομική Κρίση, Αναζητώντας το Νέο Επιχειρηματικό Μοντέλο Παραδοσιακών και Digital Μέσων, Περί Social Media.
700 1 _aΚορδελάς Δημήτρης
_99464
942 _cCR
710 2 _aThe Marketing Week
_99825
999 _c9407
_d9407